01004nam a2200229 a 450000100100000000500170001000800410002702000180006804000250008608200150011124500950012625000210022126000760024230000320031849000730035050000730042350000620049650000390055870000660059770000380066383000730070100004803520250129073606.0181102s2018 dr ac 000 0 spa d a9789945462999 aDO-SdBNPbspacBNPHU axxxxbxxxx00aJottin Cury, el canciller de abril /cedición, prólogo y notas Juan Daniel Balcácer. a2a reimpresión aSanto Domingo :bComisión Permanente de Efemérides Patrias.,c2018. av. :bil., retrs. ;c23 cm.1 aColección 50 Aniversario de la Gesta Patriótica de Abril de 1965 aIncluye referencias bibliográficas y notas al pie de las páginas aIncluye datos biográficos de los autores en las solapas aLa biblioteca posee el volumen vii1 aBalcácer, Juan Daniel,d1949-eedición, prólogo y notas1 aCury Elías, Jottin,d1920-2011. 0aColección 50 Aniversario de la Gesta Patriótica de Abril de 1965